Hướng dẫn thực hiện chương trình chăm sóc giáo dục trẻ mẫu giáo 4-5 tuổi

Na minha lista:
Detalhes bibliográficos
Autor principal: Lê Thị Ánh Tuyết
Outros Autores: Phạm Mai Chi
Formato: Livro
Idioma:Vietnamese
Publicado em: [kxd] [kxd] 2003
Assuntos:
Tags: Adicionar Tag
Sem tags, seja o primeiro a adicionar uma tag!
Thư viện lưu trữ: Trung tâm Học liệu Lê Vũ Hùng, Trường Đại học Đồng Tháp
LEADER 00946pam a22002538a 4500
001 00026109
005 20171026081023.0
008 110813s2003 ||||||viesd
041 0 # |a vie 
082 1 4 |a 372.1  |b H561D 
100 0 # |a Lê Thị Ánh Tuyết 
245 0 0 |a Hướng dẫn thực hiện chương trình chăm sóc giáo dục trẻ mẫu giáo 4-5 tuổi  |c Lê Thị Ánh Tuyết,Phạm Mai Chi 
260 # # |a [kxd]  |b [kxd]  |c 2003 
300 # # |a 146tr.  |c 20cm. 
500 # # |a ĐTTS ghi: Bộ GD và ĐT. Vụ GD mầm non trung tâm nghiên cứu GD mầm non 
653 # # |a chương trình giáo dục 
653 # # |a mầm non 
700 0 # |a Phạm Mai Chi 
852 # # |b Kho giáo trình  |j KGT.0028172 
852 # # |b Kho mượn  |j KGT.0028172 
852 # # |j KGT.0028172 
910 |d 13/08/2011 
980 # # |a Trung tâm Học liệu Lê Vũ Hùng, Trường Đại học Đồng Tháp